najdrożsi piłkarze świata 2025 - Statystyki

Ogólne statystyki
  • Ten quiz został rozwiązany 1 742 razy
  • Średni wynik to 24 z 50
Statystyki odpowiedzi
wartość kraj pozycja % Poprawnych
200mln € norwegia napastnik Haaland
95%
160mln € francja napastnik Mbappe
93%
200mln € brazylia napastnik Vinicius
87%
180mln € anglia pomocnik Bellingham
84%
90mln € anglia napastnik Kane
83%
180mln € hiszpania napastnik Lamine
81%
140mln € niemcy pomocnik Musiala
72%
100mln € hiszpania pomocnik Pedri
72%
130mln € urugwaj pomocnik Valverde
70%
140mln € niemcy pomocnik Wirtz
70%
110mln € norwegia pomocnik Odegaard
66%
140mln € anglia napastnik Foden
63%
150mln € anglia napastnik Saka
63%
80mln € hiszpania pomocnik Gavi
62%
130mln € hiszpania pomocnik Rodri
61%
100mln € brazylia napastnik Rodrygo
61%
100mln € argentyna napastnik Martinez
59%
110mln € anglia pomocnik Rice
57%
80mln € argentyna napastnik Alvarez
49%
130mln € anglia pomocnik Palmer
48%
80mln € francja pomocnik Camavinga
47%
75mln € szwecja napastnik Isak
46%
85mln € kolumbia napastnik Diaz
43%
75mln € chorwacja obrońca Gvardiol
41%
75mln € szwecja napastnik Gyokeres
41%
75mln € węgry pomocnik Szoboszlai
41%
85mln € gruzja napastnik Kvaratskhelia
40%
80mln € włochy pomocnik Barella
39%
80mln € ekwador pomocnik Caicedo
39%
80mln € francja obrońca Saliba
39%
80mln € brazylia napastnik Raphinha
38%
75mln € portugalia obrońca Dias
37%
65mln € urugwaj napastnik Nunez
37%
75mln € nigeria napastnik Osimhen
37%
80mln € francja pomocnik Tchouameni
37%
75mln € portugalia napastnik Leao
35%
75mln € włochy obrońca Bastoni
34%
70mln € hiszpania obrońca Cubarsi
33%
80mln € argentyna pomocnik Mac Allister
33%
75mln € argentyna pomocnik Fernandez
31%
70mln € hiszpania napastnik Williams
31%
80mln € holandia pomocnik Simons
29%
65mln € francja napastnik Olise
28%
65mln € francja napastnik Barcola
27%
75mln € niemcy napastnik Havertz
26%
65mln € argentyna obrońca Romero
25%
75mln € francja napastnik Thuram
24%
75mln € anglia obrońca Alexander-Arnold
21%
80mln € brazylia pomocnik Guimaraes
19%
75mln € brazylia obrońca Magalhaes
11%
Nie znaleziono quizów pasujących do podanych kryteriów
Rozkład punktacji
Procent ludzi z każdym wynikiem
Percentyl według liczby udzielonych odpowiedzi
Twoja historia wyników
Nie rozwiązałeś tego quizu